Macromedia director design guide / (Record no. 180018)
[ view plain ]
| 000 -LEADER | |
|---|---|
| fixed length control field | 00762 a2200229 4500 |
| 003 - CONTROL NUMBER IDENTIFIER | |
| control field | NUST |
| 005 - DATE AND TIME OF LATEST TRANSACTION | |
| control field | 20221025154012.0 |
| 010 ## - LIBRARY OF CONGRESS CONTROL NUMBER | |
| LC control number | 94075235 |
| 020 ## - INTERNATIONAL STANDARD BOOK NUMBER | |
| International Standard Book Number | 156830062X : |
| 035 ## - SYSTEM CONTROL NUMBER | |
| System control number | (OCoLC)31210051 |
| 040 ## - CATALOGING SOURCE | |
| Transcribing agency | Nust |
| 082 00 - DEWEY DECIMAL CLASSIFICATION NUMBER | |
| Classification number | 006.6,SWE |
| 100 1# - MAIN ENTRY--PERSONAL NAME | |
| Personal name | Swearingen, Lee. |
| 9 (RLIN) | 101373 |
| 245 10 - TITLE STATEMENT | |
| Title | Macromedia director design guide / |
| Statement of responsibility, etc. | Lee Swearingen, Cathy Clarke. |
| 260 ## - PUBLICATION, DISTRIBUTION, ETC. | |
| Place of publication, distribution, etc. | Indianapolis, Ind. : |
| Name of publisher, distributor, etc. | Hayden Books, |
| Date of publication, distribution, etc. | c1994. |
| 300 ## - PHYSICAL DESCRIPTION | |
| Extent | xv, 198 p. : |
| Other physical details | col. ill. ; |
| Dimensions | 23 cm. + |
| Accompanying material | 1 computer laser optical disc (4 3/4 in.) |
| 505 ## - FORMATTED CONTENTS NOTE | |
| Formatted contents note | Part-1: Basics (Page-8), Part-2: Techniques (Page-35), Part-3:Tips (Page-162). |
| 650 #0 - SUBJECT ADDED ENTRY--TOPICAL TERM | |
| Topical term or geographic name entry element | Multimedia systems. |
| 9 (RLIN) | 36511 |
| 700 1# - ADDED ENTRY--PERSONAL NAME | |
| Personal name | Clarke, Cathy. |
| 9 (RLIN) | 101374 |
| 740 0# - ADDED ENTRY--UNCONTROLLED RELATED/ANALYTICAL TITLE | |
| Uncontrolled related/analytical title | Design guide. |
| 942 ## - ADDED ENTRY ELEMENTS (KOHA) | |
| Source of classification or shelving scheme | |
| Koha item type | Book |
| Call number prefix | 006.6,SWE |
| Withdrawn status | Lost status | Source of classification or shelving scheme | Damaged status | Not for loan | Permanent Location | Current Location | Shelving location | Date acquired | Full call number | Barcode | Date last seen | Price effective from | Koha item type | Public note |
|---|---|---|---|---|---|---|---|---|---|---|---|---|---|---|
| Military College of Signals (MCS) | Military College of Signals (MCS) | General Stacks | 12/12/2016 | 006.6,SWE | MCS26576 | 12/08/2016 | 12/12/2016 | Book | Almirah No.7, Shelf No.5 |
